al-Shiʻr wa-al-shuʻarāʼ /

Saved in:

Main Author: Ibn Qutaybah, ʿAbd Allāh ibn Muslim, 828-889 (Author)

Format: Book

Language: Arabic

Published: [Cairo] : al-Khānjī, 1322 [1904].

Edition: al-Ṭabʻah 1.

Subjects:

Tags: Add Tag

No Tags, Be the first to tag this record!

Call Number: PJ7541 .I26 1904

LEADER 01299nam a2200253Ia 4500
003 OSt
005 20231012123446.0
008 130303s1904 ua 000 0 ara d
952 |0 0  |1 0  |2 lcc  |4 0  |6 PJ7541 I26 01904  |7 1  |9 50415  |a ARCE  |b ARCE  |d 2023-10-12  |l 0  |o PJ7541 .I26 1904  |p 1028486  |r 2023-10-12 00:00:00  |w 2023-10-12  |y BK 
999 |c 30377  |d 30377 
010 |a 2019418161 
040 |c ARCE Library 
050 4 |a PJ7541 .I26 1904 
100 1 |6 880-01  |a Ibn Qutaybah, ʿAbd Allāh ibn Muslim,  |d 828-889,  |e author 
245 1 3 |6 880-02  |a al-Shiʻr wa-al-shuʻarāʼ /   |c Taʼlīf Abī Muḥammad ʻAbd Allāh ibn Muslim ibn Qutaybah al-Dīnawarī. 
246 3 3 |a Kitab al-Shiʻr wa-al-shuʻarā 
250 |a al-Ṭabʻah 1. 
264 1 |a [Cairo] :   |b al-Khānjī,   |c 1322 [1904]. 
300 |a 5, 183 pages ;  |c 23 cm. 
650 0 |a Arabic poetry  |y 750-1258  |x History and criticism. 
880 1 |6 100-01/(3/r  |a ابن قتيبة، عبد الله بن مسلم،‪‪‪‪‪‪‪‪‪‪‪‪‪‪‪‪‪‪‪‪‪‪‪‪‪‪‪‪‪‪‪‪‪‪‪‪‪‪‪‪‪‪‪‪‪‪‪‪‪‪‪‪‪‪‪  |d 828-889. 
880 1 2 |6 245-02/(3/r  |a الشعر و الشعراء   |c  تأليف أبي محمد عبدالله بن مسلم بن قتيبه الدينوري 
901 |a reviewed 
942 |c BK  |2 lcc